LIBRARY & INFORMATION CENTRE, KCAET, TAVANUR

ONLINE PUBLIC ACCESS CATALOGUE (OPAC)

Electrical motor winding and repair / (Record no. 11041)

MARC details
000 -LEADER
fixed length control field 00422cam a2200169ua 4500
003 - CONTROL NUMBER IDENTIFIER
control field OSt
008 - FIXED-LENGTH DATA ELEMENTS--GENERAL INFORMATION
fixed length control field 241223b |||||||| |||| 00| 0 eng d
041 ## - LANGUAGE CODE
Language code of text/sound track or separate title eng
082 ## - DEWEY DECIMAL CLASSIFICATION NUMBER
Classification number 621.313
Item number ANW/EL
100 ## - MAIN ENTRY--AUTHOR NAME
Personal name Anwani, M L .
245 ## - TITLE STATEMENT
Title Electrical motor winding and repair /
250 ## - EDITION STATEMENT
Edition statement 4 /
260 ## - PUBLICATION, DISTRIBUTION, ETC. (IMPRINT)
Place of publication Delhi :
Name of publisher R B Publications ,
Year of publication 1995.
300 ## - PHYSICAL DESCRIPTION
Number of Pages 345 ; .
700 1# - ADDED ENTRY--PERSONAL NAME
Personal name Anwani, I M .
942 ## - ADDED ENTRY ELEMENTS (KOHA)
Koha item type Books
Holdings
Withdrawn status Lost status Damaged status Home library Current library Date acquired Full call number Accession Number Koha item type
      KAUAET KAUAET 07/04/2012 621.313 ANW/EL 19263 Books
free website counter